000 00663nam a2200217 a 4500
005 20180803165058.0
008 140310b2002 ck a gr|||| 00| 0 spa d
040 _aCO-BoIAVH
_cCO-BoIAVH
041 _aspa
044 _ack
082 _a333.707
_bC71i
110 2 _aColombia
_bMinisterio del Medio Ambiente
245 1 _aPolítica nacional de investigación ambiental
260 _aBogotá
_bMinambiente
_bDNP
_bCOLCIENCIAS
_c2002
300 _a35 paginas.:
_bilustraciones.;
_c28 x 21 cm
650 4 _aPolítica ambiental
650 4 _aInvestigación
650 4 _aGestión ambiental
662 _aColombia
942 _cLIBRO
_2ddc
999 _c3231
_d3231